000 00395nam a2200133Ia 4500
008 220217s9999||||xx |||||||||||||| ||und||
020 _a9788120314849
082 _a006.4 GOS
100 _aGose, Earl and Johnsonbaugh, Richard
_92130
245 0 _aPattern recognition
260 _aPrentice hall of india private Ltd.
_bNew Delhi
_c2012
300 _aIX, 484p.
_b350
650 _aMULTIMEDIA
999 _c183711
_d183711